The Cambridge History of Ancient China (Record no. 575802)

MARC details
000 -LEADER
fixed length control field 01435nam a2200169Ia 4500
008 - FIXED-LENGTH DATA ELEMENTS--GENERAL INFORMATION
fixed length control field 250714s9999 xx 000 0 und d
020 ## - INTERNATIONAL STANDARD BOOK NUMBER
ISBN 0521470307
082 ## - DEWEY DECIMAL CLASSIFICATION NUMBER
Classification number 931
Item number LOE
100 ## - MAIN ENTRY--AUTHOR NAME
Personal name Loewe, Michael
245 #4 - TITLE STATEMENT
Title The Cambridge History of Ancient China
260 ## - PUBLICATION, DISTRIBUTION, ETC. (IMPRINT)
Name of publisher Cambridge University Press
Year of publication 1999
300 ## - PHYSICAL DESCRIPTION
Number of Pages 1192 pages
500 ## - GENERAL NOTE
General note The Cambridge History of Ancient China provides a survey of the cultural history of pre-imperial China. Fourteen leading specialists on early Chinese history and archaeology cover more than one thousand years. There are two chapters for each time-period - Shang, Western Zhou, Spring and Autumn, and Warring States: one on institutional history, based on both traditional and palaeographic literature, and one on material culture, based on archaeological evidence. There are also chapters on the Neolithic background, language, intellectual history, relations with Central Asia, and the debts of both the Qin and Han empires to these earlier time-periods. Although written by specialists, this Cambridge history aims to explain and describe pre-imperial China to an audience that will include scholars and students, as well as general readers without specialized knowledge of Chinese history. It can be consulted as a work of reference, or read continuously, alone or as part of The Cambridge History of China series.
650 ## - SUBJECT ADDED ENTRY--TOPICAL TERM
Topical Term History
942 ## - ADDED ENTRY ELEMENTS (KOHA)
Koha item type English Books
Holdings
Withdrawn status Lost status Damaged status Not for loan Home library Current library Shelving location Date acquired Full call number Accession Number Price effective from Koha item type
        Anna Centenary Library Anna Centenary Library 7TH FLOOR, B WING 14.07.2025 931 LOE 102418 14.07.2025 English Books

Find us on the map